Statistics for 200 Most Popular Baby Girl Names Starting with H (2020)

Click here to take the quiz!

General Stats

  • This quiz has been taken 6,914 times
    (4,734 since last reset)
  • The average score is 63 of 200

Answer Stats

Name% Correct
Hana
93%
Hanna
93%
Hannah
93%
Hailee
84%
Haileigh
84%
Hailey
84%
Hailie
84%
Haily
84%
Haleigh
84%
Haley
84%
Haylee
84%
Hayleigh
84%
Hayley
84%
Haylie
84%
Heily
84%
Holley
80%
Holli
80%
Hollie
80%
Holly
80%
Helen
76%
Helene
76%
Hellen
76%
Halina
68%
Helaina
68%
Helayna
68%
Helena
68%
Helina
68%
Hali
67%
Halle
67%
Hallee
67%
Halley
67%
Hallie
67%
Harriet
65%
Harper
62%
Hila
62%
Hope
62%
Heather
61%
Harlee
55%
Harlei
55%
Harleigh
55%
Harley
55%
Harli
55%
Harlie
55%
Hayes
54%
Haddie
52%
Hattie
52%
Henrietta
52%
Heaven
51%
Heavyn
51%
Heidi
50%
Heidy
50%
Heydi
50%
Haizel
49%
Hayzel
49%
Hazel
49%
Hazelle
49%
Hazyl
49%
Hilda
49%
Hilary
46%
Hillary
46%
Haiden
42%
Haidyn
42%
Hayden
42%
Hadlee
41%
Hadleigh
41%
Hadley
41%
Hadlie
41%
Haevyn
41%
Haiven
41%
Haven
41%
Havyn
41%
Hayven
41%
Honey
41%
Hera
40%
Harmani
39%
Harmonee
39%
Harmoney
39%
Harmoni
39%
Harmonie
39%
Harmonii
39%
Harmony
39%
Henna
39%
Honor
37%
Honour
37%
Harlo
32%
Harlow
32%
Harlowe
32%
Hermione
31%
Hunter
30%
Hala
25%
Havana
24%
Hollyn
23%
Hollynn
23%
Haya
21%
Halo
20%
Harlan
20%
Harlyn
20%
Harlynn
20%
Haelyn
19%
Haelynn
19%
Hailyn
19%
Halen
19%
Halia
19%
Harvey
19%
Haylen
19%
Heavenlee
19%
Heavenly
19%
Holland
17%
Halsey
16%
Henlee
16%
Henleigh
16%
Henley
16%
Henny
16%
Honest
16%
Hudson
16%
Hudsyn
16%
Hania
15%
Haniya
15%
Haniyah
15%
Hannia
15%
Hollis
15%
Huda
15%
Haislee
14%
Haisleigh
14%
Haisley
14%
Haizlee
14%
Haizleigh
14%
Haizley
14%
Hayzlee
14%
Hazelee
14%
Hazeleigh
14%
Hazely
14%
Hazlee
14%
Hazleigh
14%
Hazley
14%
Honesti
14%
Honestii
14%
Honesty
14%
Hawa
13%
Houston
12%
Hartlee
11%
Hartley
11%
Holiday
10%
Hadasa
9%
Hadassa
9%
Hadassah
9%
Haleema
9%
Halima
9%
Halimah
9%
Harleen
9%
Harlem
9%
Harlym
9%
Hennessy
9%
Hindy
9%
Honora
9%
Hosanna
9%
Heba
8%
Hendrix
8%
Hiba
8%
Henslee
7%
Hensley
7%
Huxlee
7%
Huxley
7%
Hadia
6%
Hadiya
6%
Hadiyah
6%
Hafsa
6%
Hafsah
6%
Harbor
6%
Hazelyn
6%
Hazelynn
6%
Hinda
6%
Huntlee
6%
Huntleigh
6%
Huntley
6%
Hajar
5%
Harvest
5%
Haydee
5%
Hallelujah
4%
Halston
4%
Halstyn
4%
Hanan
4%
Habiba
3%
Hanalei
3%
Hareem
3%
Heiress
3%
Husna
3%
Hayat
2%
Heloisa
2%
Heran
2%
Hinata
2%
Haneen
1%
Hanifa
1%
Havilah
1%
Hoorain
1%
Humaira
1%
Hanvika
0%
Haset
0%
Hasset
0%
Hiyab
0%

Score Distribution

Percentile by Number Answered

Percent of People with Each Score

Your Score History

You have not taken this quiz since the last reset